Innovation management, policy & practice

Detalles Bibliográficos
Formato: Revista
Lenguaje:inglés
Publicado: North Sydney, N.S.W. : Content Management, 2002-
Materias:
Acceso en línea:Acceso restringido

MARC

LEADER 00000nas a2200000 a 4500
005 20140505182755.0
007 cr |||||||||||
008 030124c20029999at tr p s 0 a0eng c
022 |y 1447-9338 
035 |a 6996 
040 |d vLex 
043 |a a------  |a p------ 
090 |c 4918  |d 4918 
245 1 0 |a Innovation  |h [Recurs electrn̤ico] :  |b management, policy & practice 
246 1 0 |a Innovation :  |b management, policy and practice 
256 |a Servicio en ln̕ea 
260 |a North Sydney, N.S.W. :  |b Content Management,  |c 2002- 
300 |a 1 recurso electrn̤ico 
310 |a 3 nm︢s. al aǫ 
362 0 |a Vol. 4, no. 1-3, (Dec. 2001/June 2002/Dec 2002)- 
506 1 |a Contenido solo disponible en los productos indicados  |d vLex Global  |d vLex Global (Academic Edition, excluding Law Schools)  |d vLex Global (Academic Edition, Law Schools) 
650 4 |a Tecnologa̕  |x Innovaciones  
650 4 |a Empresas  |x Direccin̤ i administracin̤ 
740 0 |a vLex Revistas (Servicio en ln̕ea) 
856 4 0 |z Acceso restringido  |u http://vlex.com/source/6996 
942 |c REV 
999 0 |a Technology 
999 0 |a Business enterprises